| 000 | 01415cam a2200361 a 4500 | ||
|---|---|---|---|
| 999 |
_c330473 _d330473 |
||
| 001 | 16219209 | ||
| 003 | NUST | ||
| 005 | 20170717154532.0 | ||
| 008 | 100506s2009 pk 000 0durd | ||
| 010 | _a 2010343113 | ||
| 025 | _aP-U-2010343113; 14 | ||
| 040 |
_aDLC _cDLC _dDLC |
||
| 042 |
_alcode _apcc |
||
| 043 | _aa-ii--- | ||
| 050 | 0 | 0 |
_aPK2200.Q277 _bQ28 2009 |
| 066 |
_c(3 _c(4 |
||
| 082 |
_a891.4393 _bQAS |
||
| 100 | 1 |
_6880-01 _aQāsmī, ʻAt̤āʻulḥaq. _91461 |
|
| 245 | 1 | 0 |
_6880-02 _aDillī dūr ast / _cʻAt̤āʻulḥaq Qāsmī. |
| 250 |
_6880-03 _aIshāʻat 10. |
||
| 260 |
_6880-04 _aLāhore : _bNastaʻlīq Mat̤būʻāt, _c2010. |
||
| 300 |
_a176 p. ; _c22 cm. |
||
| 520 | _aTravelogue of India by a renowned Urdu writer. | ||
| 546 | _aIn Urdu. | ||
| 600 | 1 | 0 |
_6880-05 _aQāsmī, ʻAt̤āʻulḥaq _xTravel _zIndia. _93319 |
| 651 | 0 |
_aIndia _xDescription and travel. _93320 |
|
| 880 | 1 |
_6100-01/(3/r _aقاسمى، عطاءالحق. |
|
| 880 | 1 | 0 |
_6245-02/(3/r _aدلّى دور است / _cعطاءالحق قاسمى. |
| 880 |
_6250-03/(3/r _aاشاعت 10. |
||
| 880 |
_6260-04/(3/r _aلاهور : _bنستعليق مطبوعات، _c2010. |
||
| 880 | 1 | 4 |
_6600-05/(3/r _aقاسمى، عطاءالحق _xTravel _zIndia. |
| 906 |
_a7 _bcbc _corigode _d3 _encip _f20 _gy-nonroman |
||
| 942 |
_2ddc _cBK |
||